000
00338nam a2200145Ia 4500
008
150201s2009 xx 000 0 und d
082
_a
617.7
_b
A09K
100
_a
KHURANA,AK
245
_a
ANATOMY AND PHYSIOLOGY OF EYE
250
_a
2ND
260
_b
CBS
_a
DELHI
_c
2009
300
_a
1-514
650
_a
OPHTHALMOLOGY
942
_2
ddc
_c
BK
_0
16
999
_c
549
_d
549